000 00670nam a2200229Ia 4500
003 0100
005 20161021103031.0
008 130303s9999 xx 000 0 und d
020 _a797409726
040 _cARRUPELIB
050 _aJQ2929.A15O54 1991
245 4 _aThe One-party state and democracy
245 _bthe Zimbabwe debate
260 _aMount Pleasant
260 _bSAPES Books
300 _aIX
300 _b 202P. 22CM.
650 _aOne-party systems
_zZimbabwe
_926890
650 _aZimbabwe
_xPolitics
_y1980-
_917606
700 _aedited by Ibbo Mandaza, Lloyd M. Sachikonye , Mandaza, IbboSachikonye, L. M
_926892
942 0 0 _02
_2lcc
_cMONOGRAPH
999 _c11678
_d11678